000 00613nam a2200181Ia 4500
008 151018s9999 xx 000 0 und d
082 _bRBASDV35072
_a891.464
100 _aयु पी इंगोले
245 _aआरक्षण व बहुजन समाज
250 _b1
260 _bशशी एजन्सीज
_c2000
300 _a124
600 _aयु पी इंगोले
630 _aआरक्षण व बहुजन समाज
700 _aयु पी इंगोले
730 _aआरक्षण व बहुजन समाज
942 _cBOOK
999 _c1034551
_d1034548